| 000 | 00421nam a22001697a 4500 | ||
|---|---|---|---|
| 003 | NUST - PNEC | ||
| 005 | 20170116180852.0 | ||
| 008 | 150826b xxu||||| |||| 00| 0 eng d | ||
| 020 | _a0904748189 | ||
| 040 | _cLIBRARY | ||
| 082 | _a610 MAR | ||
| 100 |
_95776 _aMarshall, BA |
||
| 245 |
_aA guide to family health _cD.N. Marshall |
||
| 260 | _c1984 | ||
| 650 |
_95778 _aMedical science _xGeneral |
||
| 942 |
_2ddc _cBK |
||
| 999 |
_c64667 _d64667 |
||